000 01286nam a2200385Ia 4500
001 dia_149
003 CHAP
005 20221208131241.0
008 220117s1987 xx 000 0 und d
010 _a170579
020 _a968-422-249-1
040 _cCHAP
082 _a330 D67 1987
100 _aDornbusch, Rudiger
_934022
245 _aEconomía : microeconomía y macroeconomía /
_c Rudiger Dornbusch, Stanley Fischer y Roger Le Roy Miller ; traducción Stella de Calvo
260 _aMéxico :
_b McGraw-Hill,
_c1987
300 _a4 v.
500 _aTítulo original: Intermediate microeconomics: theories, issues and applications macroeconomics
503 _aI.144347 (4 ej.)
504 _aIncluye bibliografías
590 _aHB172 D67 1987
650 _aEconomía
_935226
650 _aEconomics
_9147354
650 _aMacroeconomía
_969550
650 _aMacroeconomics
_9147355
650 _aMicroeconomía
_975508
650 _aMicroeconomics
_9147356
700 _aCalvo, Stella de, tr.
_9147357
700 _aFisher, Stanley, coaut.
_9147358
700 _aLe Roy Miller, Roger, coaut.
_9147359
901 _a330 D67 1987
902 _aM
905 _a5222271987 mx mn 8222223322spa16
942 _cLIBRO
_2ddc
999 _c170579
_d170579